000 00418nam a2200193Ia 4500
008 210210b1953 xxu||||| |||| 00| 0 eng d
041 _aeng
082 _a829/552
100 _aHEMINGWAY (E)
245 _aOld man and the sea
260 _aLondon
_bJonathan Cape
_c1953
650 _athe
650 _asea
650 _aOld
650 _aman
650 _aand
690 _aEnglish Fiction
906 _a017152
999 _c137110
_d137110